[Event "75th Armenian Ch. / The Highest League"]
[Site "Yerevan"]
[Date "2015.01.12"]
[Round "1"]
[Board "1"]
[White "Mikaelyan, Arman"]
[Black "Hovhannisyan, Robert Ar."]
[Result "1/2-1/2"]
[WhiteElo "2350"]
[BlackElo "2594"]
[PlyCount "136"]
[EventDate "2015.01.12"]
[EventRounds "9"]
[EventCountry "ARM"]

1. Nf3 d5 2. d4 Nf6 3. c4 e6 4. Nc3 c6 5. e3 Nbd7 6. Qc2 Bd6 7. Bd3 dxc4 8.
Bxc4 b5 9. Be2 O-O 10. O-O a6 11. Ne4 Nxe4 12. Qxe4 Bb7 13. Rd1 Rb8 14. Qd3 Be7
15. Bd2 c5 16. dxc5 Nxc5 17. Qxd8 Rfxd8 18. Bb4 Kf8 19. Rxd8+ Rxd8 20. Rc1 Rc8
21. Ba5 Bd6 22. Ne1 Ke7 23. Nd3 g5 24. Nxc5 Rxc5 25. Rxc5 Bxc5 26. Bd3 h5 27.
Bd2 g4 28. h3 f5 29. hxg4 hxg4 30. Kf1 b4 31. Be2 e5 32. f3 g3 33. Bd3 Kf6 34.
Ke2 e4 35. fxe4 fxe4 36. Bc4 Bc8 37. Be1 Bd6 38. Bd5 Kf5 39. Bc4 Kg4 40. Bd5
Bf5 41. Bc6 Bc5 42. Bb7 a5 43. Bc6 Be6 44. b3 Bf5 45. Bd2 Bd6 46. Bc1 Be5 47.
Bd5 Kh4 48. Kf1 Bc3 49. a3 bxa3 50. Bxa3 Bf6 51. Bc5 Bb2 52. Be7+ Kg4 53. Ke2
Bc3 54. Bd6 Kh4 55. Be7+ Kh5 56. Bf7+ Kg4 57. Bd5 Bb4 58. Bxb4 axb4 59. Kf1 Kg5
60. Bc4 Kf6 61. Kg1 Bg4 62. Kf1 Ke5 63. Bg8 Bd1 64. Bc4 Kd6 65. Ke1 Bg4 66. Bg8
Bd7 67. Bc4 Ke5 68. Kf1 Bf5 1/2-1/2

[Event "75th Armenian Ch. / The Highest League"]
[Site "Yerevan"]
[Date "2015.01.12"]
[Round "1"]
[Board "2"]
[White "Kotanjian, Tigran"]
[Black "Gabuzyan, Hovhannes"]
[Result "0-1"]
[WhiteElo "2501"]
[BlackElo "2560"]
[PlyCount "120"]
[EventDate "2015.01.12"]
[EventRounds "9"]
[EventCountry "ARM"]

1. d4 Nf6 2. c4 d6 3. Nf3 Nbd7 4. Nc3 e5 5. e4 Be7 6. Be2 O-O 7. O-O c6 8. Be3
Ng4 9. Bd2 Qe8 10. Qc2 Bd8 11. h3 Ngf6 12. Be3 Ba5 13. dxe5 dxe5 14. Na4 Qe7
15. Rfd1 Rd8 16. a3 Nf8 17. Bc5 Qe6 18. Ng5 Qe8 19. Bd6 b5 20. Nc5 Bb6 21. b4
a5 22. Rac1 axb4 23. axb4 h6 24. Nf3 Ng6 25. cxb5 cxb5 26. Qb2 Be6 27. Ra1 Rxa1
28. Qxa1 Bc4 29. Bxc4 bxc4 30. Nb7 Ra8 31. Qb1 Qc6 32. Nc5 Bxc5 33. bxc5 Nxe4
34. Qb4 Rc8 35. Bxe5 Qxc5 36. Qxc5 Rxc5 37. Bd4 Rc6 38. Re1 f5 39. Be3 Rd6 40.
g3 c3 41. Rc1 Rd3 42. Kg2 Ne7 43. Ne1 Rd7 44. f3 Nd5 45. fxe4 Nxe3+ 46. Kf3 Nd1
47. exf5 Kf7 48. Kf4 Rd4+ 49. Ke5 Rd2 50. Nf3 Re2+ 51. Kd4 c2 52. Ne5+ Kf6 53.
Ng4+ Kxf5 54. Kd3 Rg2 55. Rxc2 Rxg3+ 56. Kd2 Rxh3 57. Nxh6+ Rxh6 58. Rc5+ Kf4
59. Kxd1 Re6 60. Rc4+ Re4 0-1

[Event "75th Armenian Ch. / The Highest League"]
[Site "Yerevan"]
[Date "2015.01.12"]
[Round "1"]
[Board "3"]
[White "Pashikian, Arman"]
[Black "Ter-Sahakyan, Samvel"]
[Result "1-0"]
[WhiteElo "2614"]
[BlackElo "2580"]
[PlyCount "119"]
[EventDate "2015.01.12"]
[EventRounds "9"]
[EventCountry "ARM"]

1. d4 d5 2. c4 c6 3. Nf3 Nf6 4. Nc3 dxc4 5. a4 e6 6. e3 c5 7. Bxc4 Nc6 8. O-O
cxd4 9. Nxd4 Bd7 10. Qe2 Qb8 11. Nxc6 Bxc6 12. e4 Bc5 13. Nd5 Nd7 14. Bf4 Bd6
15. Bxd6 Qxd6 16. Rfd1 Bxd5 17. exd5 e5 18. Bb5 Rd8 19. f4 O-O 20. Bxd7 Rxd7
21. Qxe5 Qc5+ 22. Qd4 Rc8 23. b4 Qxd4+ 24. Rxd4 Kf8 25. Rad1 Ke7 26. d6+ Kf6
27. g4 Rc2 28. b5 h5 29. g5+ Kf5 30. Re1 f6 31. h4 Rc8 32. Re7 Rcd8 33. Kf2 b6
34. Ke3 Rxd6 35. Rxd6 Rxd6 36. Rxg7 Re6+ 37. Kf3 Re4 38. Rf7 Rxf4+ 39. Kg3 Rg4+
40. Kh3 Kg6 41. Rxf6+ Kg7 42. Rh6 Rxa4 43. Rxh5 Rb4 44. Rh6 Rxb5 45. Rd6 a5 46.
Kg4 a4 47. Rd7+ Kf8 48. g6 a3 49. h5 a2 50. g7+ Kg8 51. h6 Rb4+ 52. Kg5 Kh7 53.
Rd8 Rb5+ 54. Kf4 Rb4+ 55. Ke3 Rb3+ 56. Kd2 Rb2+ 57. Kd3 a1=Q 58. g8=Q+ Kxh6 59.
Qe6+ Kg5 60. Rg8+ 1-0

[Event "75th Armenian Ch. / The Highest League"]
[Site "Yerevan"]
[Date "2015.01.12"]
[Round "1"]
[Board "4"]
[White "Grigoryan, Karen H."]
[Black "Shahinyan, David"]
[Result "1-0"]
[WhiteElo "2587"]
[BlackElo "2431"]
[PlyCount "169"]
[EventDate "2015.01.12"]
[EventRounds "9"]
[EventCountry "ARM"]

1. Nf3 d5 2. c4 c6 3. e3 g6 4. d4 Nf6 5. Be2 Bg7 6. O-O O-O 7. Nc3 Nbd7 8. a4
dxc4 9. Bxc4 Qa5 10. Bd2 Qc7 11. a5 e5 12. Qc2 exd4 13. exd4 Nd5 14. Bxd5 cxd5
15. Rfc1 Nf6 16. Nxd5 Qd6 17. Nxf6+ Bxf6 18. Qc5 Qxc5 19. Rxc5 Rd8 20. Bc3 Bg4
21. Rc7 Rab8 22. Ne5 Bxe5 23. dxe5 Rdc8 24. Rxc8+ Rxc8 25. f3 Be6 26. Kf2 h5
27. h3 Kg7 28. Rd1 g5 29. g4 Kg6 30. Ke3 Rc5 31. Rd8 Rc8 32. Rd6 Rc6 33. Rd1
Rc5 34. Ra1 a6 35. Rg1 Rc4 36. Bd2 hxg4 37. hxg4 Rc5 38. Bc3 Rd5 39. Rh1 Rd8
40. Bd4 Bd5 41. Bc5 Re8 42. Bd6 Bc6 43. Rh2 f6 44. f4 gxf4+ 45. Kxf4 fxe5+ 46.
Bxe5 Rf8+ 47. Kg3 Rf3+ 48. Kh4 Rf7 49. Rc2 Re7 50. Bf4 Re4 51. Kg3 Rb4 52. Rd2
Rb5 53. Bc7 Rd5 54. Re2 Rd3+ 55. Kh4 Rd4 56. Bb6 Rf4 57. Rd2 Rf7 58. Bc5 Rh7+
59. Kg3 Rd7 60. Re2 Rd3+ 61. Kh4 Bd7 62. b4 Rd5 63. Rf2 Re5 64. Bd4 Re6 65. Rf8
Rd6 66. Bb2 Rd2 67. Rf6+ Kh7 68. Be5 Rd5 69. Rf7+ Kg8 70. Rg7+ Kf8 71. Bf6 Rd6
72. g5 Rd3 73. Kh5 Bf5 74. g6 Rg3 75. Be5 Bg4+ 76. Kh4 Rg2 77. Rxb7 Be6 78. g7+
Kg8 79. Rb8+ Kf7 80. Rf8+ Ke7 81. Bg3 Rb2 82. Rb8 Bd5 83. Kg5 Rb3 84. Bf2 Rf3
85. Rf8 1-0

[Event "75th Armenian Ch. / The Highest League"]
[Site "Yerevan"]
[Date "2015.01.12"]
[Round "1"]
[Board "5"]
[White "Andriasian, Zaven"]
[Black "Grigoryan, Avetik"]
[Result "1/2-1/2"]
[WhiteElo "2609"]
[BlackElo "2580"]
[PlyCount "42"]
[EventDate "2015.01.12"]
[EventRounds "9"]
[EventCountry "ARM"]

1. e4 c6 2. d4 d5 3. e5 Bf5 4. Nc3 e6 5. g4 Bg6 6. Nge2 c5 7. h4 h5 8. Nf4 Nc6
9. Nxg6 fxg6 10. Ne2 Qb6 11. Nf4 cxd4 12. Nxg6 Bb4+ 13. Ke2 Nge7 14. Nxh8 Nxe5
15. f4 d3+ 16. cxd3 Nxg4 17. d4 Nf5 18. Bh3 Qb5+ 19. Kf3 Nxh4+ 20. Kg3 Nf5+ 21.
Kf3 Nh4+ {Ke4} 1/2-1/2

[Event "75th Armenian Ch. / The Highest League"]
[Site "Yerevan"]
[Date "2015.01.13"]
[Round "2"]
[Board "1"]
[White "Hovhannisyan, Robert Ar."]
[Black "Grigoryan, Avetik"]
[Result "1-0"]
[WhiteElo "2594"]
[BlackElo "2580"]
[PlyCount "73"]
[EventDate "2015.01.12"]
[EventRounds "9"]
[EventCountry "ARM"]

1. e4 e6 2. d4 d5 3. exd5 exd5 4. Nf3 Nc6 5. Nc3 Bg4 6. Bb5 Nge7 7. h3 Bh5 8.
Qe2 Qd6 9. Bxc6+ Qxc6 10. g4 Bg6 11. Ne5 Qb6 12. Nxd5 Qa5+ 13. Nc3 O-O-O 14.
Bd2 Rxd4 15. O-O-O Nc6 16. Nxg6 fxg6 17. Qe6+ Kb8 18. Ne2 Qa4 19. Qb3 Qxb3 20.
axb3 Rd7 21. Bf4 Rf7 22. Rd5 Be7 23. c3 Bh4 24. Bg3 Bxg3 25. fxg3 Rf2 26. Nf4
Re8 27. Rhd1 a5 28. h4 b6 29. Rd7 Ne5 30. Rxg7 Nxg4 31. Rxh7 Re3 32. Kb1 Rxg3
33. Rd8+ Kb7 34. Nd5 Ne3 35. Rxc7+ Ka6 36. Nxe3 Rxe3 37. c4 1-0

[Event "75th Armenian Ch. / The Highest League"]
[Site "Yerevan"]
[Date "2015.01.13"]
[Round "2"]
[Board "2"]
[White "Shahinyan, David"]
[Black "Andriasian, Zaven"]
[Result "0-1"]
[WhiteElo "2431"]
[BlackElo "2609"]
[PlyCount "152"]
[EventDate "2015.01.12"]
[EventRounds "9"]
[EventCountry "ARM"]

1. c4 e5 2. Nc3 Nc6 3. g3 Bb4 4. Nd5 Be7 5. Bg2 Nf6 6. e3 Nxd5 7. cxd5 Nb4 8.
d4 exd4 9. a3 Na6 10. exd4 O-O 11. Ne2 d6 12. O-O Bf5 13. Re1 Re8 14. Nc3 Qd7
15. Be3 Rac8 16. Rc1 h6 17. Qe2 Nb8 18. Nb5 a6 19. Na7 Rcd8 20. Qc4 Bf6 21.
Qxc7 Qxc7 22. Rxc7 Rd7 23. Rec1 Rxc7 24. Rxc7 Bxd4 25. Rxb7 Nd7 26. Nc6 Bxe3
27. fxe3 Rxe3 28. Nd4 Re1+ 29. Kf2 Re5 30. Ne6 Nf8 31. Nd4 Nd7 32. Nc6 Re8 33.
b4 g6 34. Nd4 Ne5 35. Nxf5 Ng4+ 36. Kf1 gxf5 37. Rb6 Nxh2+ 38. Kg1 Ng4 39. Bf3
Re3 40. Kg2 Rxa3 41. Rxd6 Ra2+ 42. Kg1 Kg7 43. Rb6 Ra3 44. Kg2 Ne3+ 45. Kf2 Nc4
46. Rb7 Kf6 47. Kg2 Ra2+ 48. Kg1 Rb2 49. Ra7 Ne5 50. Rxa6+ Kg5 51. Bg2 Rxb4 52.
Bh3 Rb3 53. Kg2 Rd3 54. Ra5 Nc4 55. Rc5 Ne3+ 56. Kf2 Nxd5 57. Bf1 Rd4 58. Bc4
Nf6 59. Rc7 Rd2+ 60. Ke3 Rc2 61. Kd4 Ne4 62. Ra7 Nxg3 63. Rxf7 Kf4 64. Bd3 Rc8
65. Rh7 h5 66. Bc4 Rd8+ 67. Kc3 Ne4+ 68. Kc2 Rc8 69. Kd3 Nf6 70. Rf7 Ng4 71.
Be6 Ne5+ 72. Ke2 Rc2+ 73. Kd1 Nxf7 74. Kxc2 Ng5 75. Bd5 Ke3 76. Kd1 Kf2 0-1

[Event "75th Armenian Ch. / The Highest League"]
[Site "Yerevan"]
[Date "2015.01.13"]
[Round "2"]
[Board "3"]
[White "Ter-Sahakyan, Samvel"]
[Black "Grigoryan, Karen H."]
[Result "1/2-1/2"]
[WhiteElo "2580"]
[BlackElo "2587"]
[PlyCount "203"]
[EventDate "2015.01.12"]
[EventRounds "9"]
[EventCountry "ARM"]

1. e4 c5 2. Nf3 e6 3. d4 cxd4 4. Nxd4 a6 5. Bd3 Nf6 6. O-O e5 7. Nb3 d6 8. c4
Be7 9. Nc3 O-O 10. h3 Be6 11. Be3 Nc6 12. Nd5 Nd7 13. Rc1 Bg5 14. Qd2 Bxe3 15.
Qxe3 a5 16. Nc3 a4 17. Nd2 Nc5 18. Nb5 Na7 19. Nc3 Qa5 20. Rfd1 Nxd3 21. Qxd3
Rfd8 22. b3 axb3 23. axb3 Qc5 24. Nf1 Qb4 25. Qb1 b5 26. Nd5 Qa3 27. Nfe3 Rab8
28. Rd2 Qa6 29. c5 dxc5 30. Rxc5 b4 31. Qb2 f6 32. Kh2 Kh8 33. Nc7 Qb6 34. Nxe6
Qxe6 35. Nd5 Qd6 36. Qc1 Nb5 37. Rc6 Qf8 38. Rd3 f5 39. f3 Nd4 40. Rc7 Rbc8 41.
Qc4 Rxc7 42. Qxc7 Qd6 43. Qxd6 Rxd6 44. Nxb4 fxe4 45. fxe4 Rb6 46. Nc2 Rxb3 47.
Rd1 Ne6 48. Rd5 h6 49. Rxe5 Nf4 50. Rf5 g5 51. h4 Rc3 52. hxg5 hxg5 53. Nd4 Rc4
54. Nf3 Nxg2 55. Kxg2 Rxe4 56. Rxg5 Re7 57. Kh3 Rh7+ 58. Nh4 Rg7 59. Ra5 Kg8
60. Nf5 Rg1 61. Ra7 Kf8 62. Ng3 Ke8 63. Kg4 Kd8 64. Kf4 Rd1 65. Ke5 Rd7 66.
Ra8+ Kc7 67. Nf5 Rd1 68. Nd4 Rh1 69. Ra6 Rh5+ 70. Nf5 Rh1 71. Kd5 Kb7 72. Rg6
Rd1+ 73. Nd4 Kc7 74. Rc6+ Kb7 75. Rc2 Kb6 76. Rb2+ Kc7 77. Rb4 Rd2 78. Rc4+ Kd7
79. Ra4 Ke7 80. Ke5 Kf7 81. Ra7+ Kg6 82. Ra6+ Kf7 83. Nf3 Re2+ 84. Kf5 Ke7 85.
Ng5 Kd7 86. Ne4 Rb2 87. Ke5 Rb5+ 88. Kd4 Ke7 89. Nf6 Rg5 90. Nd5+ Kf7 91. Ke4
Rg1 92. Ra7+ Ke6 93. Ra6+ Kd7 94. Rh6 Re1+ 95. Kf5 Rf1+ 96. Nf4 Kc7 97. Rh3 Kd6
98. Rd3+ Kc5 99. Rc3+ Kd6 100. Rd3+ Kc5 101. Rc3+ Kd6 102. Ke4 {Ke5+} 1/2-1/2

[Event "75th Armenian Ch. / The Highest League"]
[Site "Yerevan"]
[Date "2015.01.13"]
[Round "2"]
[Board "4"]
[White "Gabuzyan, Hovhannes"]
[Black "Pashikian, Arman"]
[Result "1/2-1/2"]
[WhiteElo "2560"]
[BlackElo "2614"]
[PlyCount "39"]
[EventDate "2015.01.12"]
[EventRounds "9"]
[EventCountry "ARM"]

1. c4 e5 2. Nc3 Nf6 3. Nf3 Nc6 4. e3 Bb4 5. Qc2 Bxc3 6. Qxc3 Qe7 7. a3 d5 8.
cxd5 Nxd5 9. Qb3 Nb6 10. d3 a5 11. Bd2 O-O 12. Rc1 Rd8 13. Be2 Be6 14. Qc2 f6
15. O-O Qf7 16. Bc3 Bb3 17. Qb1 Ba2 18. Qc2 Bb3 19. Qb1 Ba2 20. Qc2 1/2-1/2

[Event "75th Armenian Ch. / The Highest League"]
[Site "Yerevan"]
[Date "2015.01.13"]
[Round "2"]
[Board "5"]
[White "Mikaelyan, Arman"]
[Black "Kotanjian, Tigran"]
[Result "1-0"]
[WhiteElo "2350"]
[BlackElo "2501"]
[PlyCount "137"]
[EventDate "2015.01.12"]
[EventRounds "9"]
[EventCountry "ARM"]

1. Nf3 c5 2. c4 Nc6 3. g3 g6 4. Bg2 Bg7 5. O-O d6 6. Nc3 Nf6 7. d4 cxd4 8. Nxd4
Bd7 9. Nb3 a5 10. a4 b6 11. Nd5 O-O 12. Be3 Rb8 13. h3 Ne5 14. Nd2 Be6 15. Rc1
Ned7 16. Nf3 Nc5 17. Nd4 Bd7 18. b3 Re8 19. Kh2 h5 20. Nxf6+ Bxf6 21. Nc6 Bxc6
22. Bxc6 Rf8 23. h4 Qc8 24. Bf3 Qf5 25. Rb1 Rfd8 26. Kg2 e6 27. Qd2 d5 28. cxd5
exd5 29. Bd4 Rbc8 30. Bxf6 Qxf6 31. Rfc1 Qe5 32. b4 Ne4 33. Bxe4 Qxe4+ 34. f3
Qe8 35. Rxc8 Rxc8 36. bxa5 bxa5 37. Rb5 d4 38. Rxa5 Rc4 39. Qa2 Qc6 40. Qb3 Qe6
41. Re5 Qc6 42. a5 Kg7 43. Re7 Kf6 44. Re4 Kg7 45. Qb8 Rc2 46. Qd8 Qf6 47. Qd7
Kg8 48. Kf2 Ra2 49. Qd5 Rd2 50. Ke1 Rc2 51. Qxd4 Qxd4 52. Rxd4 Ra2 53. Rd5 Kg7
54. Rb5 Ra1+ 55. Kf2 Ra3 56. Re5 Kf6 57. f4 Kg7 58. e3 Ra2+ 59. Kf1 Kf8 60. f5
Kg7 61. fxg6 Kxg6 62. Rg5+ Kh6 63. Ke1 f6 64. Rc5 Kg6 65. Kd1 Kh6 66. Kc1 Kg6
67. Kb1 Ra3 68. Kb2 Rxe3 69. a6 1-0

[Event "75th Armenian Ch. / The Highest League"]
[Site "Yerevan"]
[Date "2015.01.14"]
[Round "3"]
[Board "1"]
[White "Kotanjian, Tigran"]
[Black "Hovhannisyan, Robert Ar."]
[Result "1/2-1/2"]
[WhiteElo "2501"]
[BlackElo "2594"]
[PlyCount "136"]
[EventDate "2015.01.12"]
[EventRounds "9"]
[EventCountry "ARM"]

1. Nf3 g6 2. d4 d6 3. c4 Bg7 4. Nc3 Bg4 5. e3 c5 6. Be2 cxd4 7. exd4 Nc6 8. O-O
Nh6 9. d5 Bxf3 10. Bxf3 Ne5 11. Be2 O-O 12. f4 Nd7 13. g4 Rc8 14. Be3 Nb6 15.
Bd4 Qd7 16. Bxg7 Kxg7 17. Qd4+ f6 18. h3 Na4 19. Nd1 e5 20. dxe6 Qxe6 21. Ne3
Rfe8 22. Rf3 Qe4 23. Qxe4 Rxe4 24. Bd3 Re6 25. b4 Nc3 26. Nc2 Rce8 27. Kg2 Ne2
28. Rf2 f5 29. g5 Nf7 30. a4 Nd8 31. b5 Re4 32. Raf1 R4e7 33. Nb4 Nc3 34. a5
Re3 35. Rf3 Rxf3 36. Rxf3 Ne6 37. a6 bxa6 38. bxa6 Rb8 39. Nc6 Rb2+ 40. Kg1 Rb6
41. Nxa7 Rxa6 42. Nb5 Ne4 43. Bxe4 fxe4 44. Re3 Nc5 45. Re1 Rb6 46. Nc3 Rb8 47.
Re2 Re8 48. Kf2 h6 49. gxh6+ Kxh6 50. Ke3 Kg7 51. Rd2 Rh8 52. Rh2 Rb8 53. Nb5
d5 54. Kd4 Nd3 55. Kxd5 Re8 56. Nd6 Nxf4+ 57. Kd4 Rh8 58. Nxe4 Rh5 59. h4 Ne6+
60. Kc3 Kf7 61. Kb4 Ke7 62. Ng3 Rh8 63. c5 Kd7 64. Kb5 Nd4+ 65. Kc4 Nf3 66. Rh1
Rxh4+ 67. Rxh4 Nxh4 68. Kb5 Kc7 1/2-1/2

[Event "75th Armenian Ch. / The Highest League"]
[Site "Yerevan"]
[Date "2015.01.14"]
[Round "3"]
[Board "2"]
[White "Pashikian, Arman"]
[Black "Mikaelyan, Arman"]
[Result "1/2-1/2"]
[WhiteElo "2614"]
[BlackElo "2350"]
[PlyCount "113"]
[EventDate "2015.01.12"]
[EventRounds "9"]
[EventCountry "ARM"]

1. d4 d5 2. c4 c6 3. Nf3 Nf6 4. Nc3 dxc4 5. a4 Bf5 6. e3 e6 7. Bxc4 Bb4 8. O-O
O-O 9. Ne5 Nbd7 10. Nxd7 Qxd7 11. f3 Rfd8 12. Qb3 a5 13. Rd1 Bg6 14. e4 Qc7 15.
Be3 Nd7 16. Rac1 Bd6 17. h3 Bb4 18. Qc2 Qg3 19. Ne2 Qh4 20. Nf4 Bd6 21. Qd2 Bb4
22. Qe2 Bd6 23. Nd3 Qe7 24. Qf2 Bb8 25. h4 Nf6 26. Ne5 Nd7 27. Bg5 f6 28. Nxg6
hxg6 29. Be3 Kh7 30. g3 Ba7 31. Kg2 e5 32. d5 Bxe3 33. Qxe3 Qb4 34. b3 Nb6 35.
Rc2 Rac8 36. d6 Rxd6 37. Rxd6 Nxc4 38. bxc4 Qxd6 39. c5 Qd1 40. Qd2 Rd8 41.
Qxd1 Rxd1 42. Rb2 Rd7 43. Kf2 Kg8 44. Ke3 Kf7 45. Rd2 Rxd2 46. Kxd2 Ke6 47. g4
g5 48. h5 Kd7 49. Kd3 Kc7 50. Kc3 Kb8 51. Kb3 Ka7 52. Kc3 Ka6 53. Kb3 b6 54.
cxb6 Kxb6 55. Kc4 Kb7 56. Kd3 c5 57. Kc3 1/2-1/2

[Event "75th Armenian Ch. / The Highest League"]
[Site "Yerevan"]
[Date "2015.01.14"]
[Round "3"]
[Board "3"]
[White "Grigoryan, Karen H."]
[Black "Gabuzyan, Hovhannes"]
[Result "1-0"]
[WhiteElo "2587"]
[BlackElo "2560"]
[PlyCount "137"]
[EventDate "2015.01.12"]
[EventRounds "9"]
[EventCountry "ARM"]

1. c4 g6 2. d4 Bg7 3. e4 c5 4. d5 d6 5. Bd3 b5 6. cxb5 a6 7. Nc3 Nf6 8. Nf3 O-O
9. O-O axb5 10. Bxb5 Qb6 11. a4 Ba6 12. Bf4 Bxb5 13. axb5 Rxa1 14. Qxa1 Nbd7
15. Nd2 Rb8 16. Nc4 Qc7 17. Qa5 Ne8 18. Ra1 Qb7 19. Qa6 Bxc3 20. Qxb7 Rxb7 21.
bxc3 Rxb5 22. f3 f5 23. exf5 Rb3 24. Na5 Rxc3 25. Nc6 Nef6 26. Nxe7+ Kf7 27.
Bxd6 Rd3 28. fxg6+ hxg6 29. Nc6 Rxd5 30. Nd8+ Ke8 31. Nb7 c4 32. Bb4 Nb6 33.
Ba5 Nfd7 34. Re1+ Kf8 35. Bb4+ Kg8 36. Re8+ Kf7 37. Re7+ Kg8 38. Re6 g5 39. Nd6
Rd1+ 40. Re1 Rd3 41. Re8+ Kg7 42. Re7+ Kg6 43. Ne4 Nd5 44. Rxd7 Nxb4 45. Rc7
Rd4 46. g4 Rd1+ 47. Kf2 Rc1 48. h3 Nd3+ 49. Ke2 Nf4+ 50. Kd2 Rh1 51. Rc6+ Kg7
52. Nxg5 c3+ 53. Rxc3 Rh2+ 54. Kd1 Kg6 55. Rc5 Nd3 56. Rf5 Kh6 57. Nf7+ Kg7 58.
Ne5 Nb2+ 59. Ke1 Rxh3 60. Rf7+ Kg8 61. Ra7 Rh6 62. f4 Rh4 63. f5 Rh3 64. Ke2
Rh2+ 65. Kf3 Nd1 66. Rd7 Rf2+ 67. Kg3 Rf1 68. f6 Nc3 69. Rd8+ 1-0

[Event "75th Armenian Ch. / The Highest League"]
[Site "Yerevan"]
[Date "2015.01.14"]
[Round "3"]
[Board "4"]
[White "Andriasian, Zaven"]
[Black "Ter-Sahakyan, Samvel"]
[Result "1-0"]
[WhiteElo "2609"]
[BlackElo "2580"]
[PlyCount "69"]
[EventDate "2015.01.12"]
[EventRounds "9"]
[EventCountry "ARM"]

1. Nf3 d5 2. c4 d4 3. g3 Nc6 4. Bg2 e5 5. d3 Nf6 6. O-O Bd6 7. e3 dxe3 8. Bxe3
O-O 9. Nc3 Re8 10. h3 Bf8 11. g4 h6 12. Re1 Nh7 13. Ne4 Nf6 14. Ng3 Nh7 15. a3
a5 16. d4 exd4 17. Nxd4 Ne5 18. Qc2 c6 19. Rad1 Qc7 20. Ne4 Ng6 21. c5 Rd8 22.
Nd6 Nf6 23. Bc1 a4 24. g5 hxg5 25. Bxg5 Bxd6 26. cxd6 Rxd6 27. Nb5 Rxd1 28.
Nxc7 Rxe1+ 29. Kh2 Rb8 30. Qd2 Re7 31. Bxf6 gxf6 32. Qd8+ Kh7 33. Ne8 f5 34. h4
Kh6 35. Nd6 1-0

[Event "75th Armenian Ch. / The Highest League"]
[Site "Yerevan"]
[Date "2015.01.14"]
[Round "3"]
[Board "5"]
[White "Grigoryan, Avetik"]
[Black "Shahinyan, David"]
[Result "1-0"]
[WhiteElo "2580"]
[BlackElo "2431"]
[PlyCount "93"]
[EventDate "2015.01.12"]
[EventRounds "9"]
[EventCountry "ARM"]

1. d4 d6 2. e4 Nf6 3. f3 e5 4. Ne2 Be7 5. c4 Nh5 6. Nbc3 c6 7. Be3 Bg5 8. Qd2
h6 9. g3 Bxe3 10. Qxe3 Qg5 11. f4 exf4 12. gxf4 Qh4+ 13. Qf2 Qxf2+ 14. Kxf2 O-O
15. Bg2 Re8 16. Bf3 Nf6 17. Rhg1 Be6 18. b3 Na6 19. Rg3 Kf8 20. Rag1 g6 21. e5
dxe5 22. fxe5 Nh7 23. Ne4 Rad8 24. Nd6 Re7 25. Nf4 g5 26. Be4 Red7 27. Bxh7
gxf4 28. Rf3 b5 29. Rxf4 bxc4 30. bxc4 Rxd6 31. exd6 Rxd6 32. Rg8+ Ke7 33. Ra8
Rd7 34. Bf5 Bxf5 35. Rxf5 Nb4 36. Rh5 Rxd4 37. Rxh6 Rd2+ 38. Ke3 Rxa2 39. Rb8
Ra3+ 40. Ke4 Nd3 41. Rb7+ Kf8 42. Rxc6 Nf2+ 43. Kf4 Nd3+ 44. Kf5 Kg7 45. Rg6+
Kf8 46. Rg3 Ra5+ 47. Rb5 1-0

[Event "75th Armenian Ch. / The Highest League"]
[Site "Yerevan"]
[Date "2015.01.15"]
[Round "4"]
[Board "1"]
[White "Hovhannisyan, Robert Ar."]
[Black "Shahinyan, David"]
[Result "1/2-1/2"]
[WhiteElo "2594"]
[BlackElo "2431"]
[PlyCount "23"]
[EventDate "2015.01.12"]
[EventRounds "9"]
[EventCountry "ARM"]

1. e4 e6 2. d3 d5 3. Qe2 dxe4 4. dxe4 b6 5. Nf3 Ba6 6. c4 Nc6 7. Nc3 Nf6 8. e5
Nd7 9. Bf4 h6 10. h4 Qe7 11. a3 O-O-O 12. O-O-O 1/2-1/2

[Event "75th Armenian Ch. / The Highest League"]
[Site "Yerevan"]
[Date "2015.01.15"]
[Round "4"]
[Board "2"]
[White "Ter-Sahakyan, Samvel"]
[Black "Grigoryan, Avetik"]
[Result "1-0"]
[WhiteElo "2580"]
[BlackElo "2580"]
[PlyCount "89"]
[EventDate "2015.01.12"]
[EventRounds "9"]
[EventCountry "ARM"]

1. e4 e6 2. d4 d5 3. Nd2 Be7 4. e5 c5 5. Qg4 Bf8 6. Ngf3 cxd4 7. Bd3 Nc6 8. O-O
f5 9. Qg3 Nge7 10. Nb3 a6 11. Re1 Qc7 12. Bd2 Bd7 13. Nbxd4 g6 14. Rac1 Nxd4
15. Nxd4 Nc6 16. Nf3 b5 17. Bg5 Bg7 18. h4 Bc8 19. c3 Qf7 20. Nd4 Bd7 21. h5
Rg8 22. h6 Bf8 23. Nf3 Be7 24. Ra1 Nd8 25. a4 bxa4 26. Bc2 a3 27. b4 a5 28.
Rxa3 Rc8 29. Rxa5 Rxc3 30. Ba4 Bxa4 31. Rxa4 f4 32. Qh4 Bxg5 33. Nxg5 Qe7 34.
b5 Rb3 35. Rxf4 Rxb5 36. Rf6 Rb4 37. Qh3 Rb6 38. Ra1 Rf8 39. Qf3 Rxf6 40. exf6
Qb7 41. f7+ Nxf7 42. Nxf7 Rb1+ 43. Rxb1 Qxb1+ 44. Kh2 Qc1 45. Qf6 1-0

[Event "75th Armenian Ch. / The Highest League"]
[Site "Yerevan"]
[Date "2015.01.15"]
[Round "4"]
[Board "3"]
[White "Gabuzyan, Hovhannes"]
[Black "Andriasian, Zaven"]
[Result "1/2-1/2"]
[WhiteElo "2560"]
[BlackElo "2609"]
[PlyCount "85"]
[EventDate "2015.01.12"]
[EventRounds "9"]
[EventCountry "ARM"]

1. Nf3 Nf6 2. g3 d5 3. Bg2 c6 4. O-O Bg4 5. c4 e6 6. cxd5 Bxf3 7. Bxf3 cxd5 8.
Nc3 Nc6 9. d4 Be7 10. b3 O-O 11. Bb2 Rc8 12. e3 Bb4 13. Qd3 e5 14. Bg2 exd4 15.
exd4 Bxc3 16. Bxc3 Re8 17. Rfe1 Qd7 18. a4 a6 19. b4 Rxe1+ 20. Bxe1 Na7 21. Bf1
h6 22. b5 axb5 23. axb5 Re8 24. Bd2 Nc8 25. Bf4 Nb6 26. Qf3 Ne4 27. Re1 Qc8 28.
Qb3 Qd7 29. Bd3 Ng5 30. Rxe8+ Qxe8 31. Bxg5 hxg5 32. Qc2 Qd8 33. Qc5 Nc8 34.
Qa3 Ne7 35. Qc1 f6 36. Qd1 g6 37. Qg4 Qd6 38. h4 gxh4 39. Qxh4 Kg7 40. Qg4 b6
41. Kg2 Kf7 42. Qh4 Kg7 43. Qg4 1/2-1/2

[Event "75th Armenian Ch. / The Highest League"]
[Site "Yerevan"]
[Date "2015.01.15"]
[Round "4"]
[Board "4"]
[White "Mikaelyan, Arman"]
[Black "Grigoryan, Karen H."]
[Result "1-0"]
[WhiteElo "2350"]
[BlackElo "2587"]
[PlyCount "93"]
[EventDate "2015.01.12"]
[EventRounds "9"]
[EventCountry "ARM"]

1. Nf3 Nf6 2. c4 e6 3. b3 d5 4. Bb2 c5 5. e3 Nc6 6. cxd5 exd5 7. Bb5 Bd7 8. O-O
Bd6 9. Bxf6 Qxf6 10. Nc3 Qe6 11. d4 cxd4 12. Bxc6 bxc6 13. Qxd4 f5 14. Qxg7 Rg8
15. Qd4 f4 16. g3 fxg3 17. hxg3 Qf5 18. Nh4 Qh5 19. Ng2 Be5 20. Qd2 Bg4 21. f4
Bc7 22. Rac1 Qf7 23. b4 Rd8 24. Ne2 Rd6 25. Nd4 Bd7 26. Rf3 Bb6 27. f5 Rh6 28.
Rcf1 Qf6 29. a4 Rh3 30. Ne2 Rg4 31. Ngf4 Rh6 32. a5 Bc7 33. Ng2 Bd6 34. b5 Bb4
35. Qd3 Bxa5 36. bxc6 Bxc6 37. Nd4 Bb6 38. Nxc6 Qxc6 39. f6 Kf7 40. Qf5 Rgg6
41. Nf4 Rxf6 42. Qg5 Bd8 43. Nd3 Rhg6 44. Rxf6+ Rxf6 45. Ne5+ Kf8 46. Rxf6+
Bxf6 47. Qh6+ 1-0

[Event "75th Armenian Ch. / The Highest League"]
[Site "Yerevan"]
[Date "2015.01.15"]
[Round "4"]
[Board "5"]
[White "Kotanjian, Tigran"]
[Black "Pashikian, Arman"]
[Result "1/2-1/2"]
[WhiteElo "2501"]
[BlackElo "2614"]
[PlyCount "139"]
[EventDate "2015.01.12"]
[EventRounds "9"]
[EventCountry "ARM"]

1. Nf3 d5 2. g3 g6 3. c4 dxc4 4. Qa4+ Nc6 5. Qxc4 Bg7 6. Bg2 e5 7. Ng5 Nh6 8.
d3 Nd4 9. Ne4 Nhf5 10. e3 Be6 11. Qc3 Nb5 12. Qb4 c6 13. O-O a5 14. Qc5 Nbd6
15. b3 O-O 16. Ba3 Nb5 17. Rd1 Nxa3 18. Nxa3 f6 19. Nc4 Rf7 20. Qb6 Qe7 21. Nc5
Bf8 22. Nxb7 Qxb7 23. Qxb7 Rxb7 24. Bxc6 Rbb8 25. Bxa8 Rxa8 26. Rac1 Ra6 27.
Nd2 a4 28. bxa4 Rxa4 29. Ne4 Be7 30. Rc7 Kf8 31. Rb1 Ra8 32. g4 Nh4 33. Rbb7
Re8 34. a4 Nf3+ 35. Kf1 Nxh2+ 36. Ke2 Bc8 37. Ra7 Bxg4+ 38. Kd2 Nf3+ 39. Kc3
Be6 40. Ra6 f5 41. Rxe6 fxe4 42. Rec6 exd3 43. Kxd3 Rd8+ 44. Kc3 Rd1 45. Kb2 e4
46. Rb7 Ne5 47. Rc8+ Kf7 48. Rcc7 Nd3+ 49. Kc3 Rc1+ 50. Kd4 Rxc7 51. Rxc7 Ke6
52. a5 Bd8 53. Ra7 Nxf2 54. Ra6+ Kd7 55. Kd5 Nd3 56. Rd6+ Kc7 57. a6 Bg5 58. a7
Kb7 59. Kxe4 Nc5+ 60. Kd4 Be7 61. Kxc5 h5 62. e4 h4 63. e5 h3 64. Kb5 Bxd6 65.
exd6 h2 66. d7 h1=Q 67. a8=Q+ Kxa8 68. d8=Q+ Ka7 69. Qb6+ Ka8 70. Qxg6 1/2-1/2